000
00290nam a22000977a 4500
008
170130b xxu||||| |||| 00| 0 eng d
100
_a
Graveson, Samuel
245
_a
Penny postage centenary
260
_a
London
_b
The Postal History Society
_c
1940
650
_a
Great Britain | Postal History | 1840
999
_c
2237
_d
2237